LIBRARY & INFORMATION CENTRE, KCAET, TAVANUR

ONLINE PUBLIC ACCESS CATALOGUE (OPAC)

Metaphoric structureof paradise lost / (Record no. 2946)

MARC details
000 -LEADER
fixed length control field 00403cam a2200157ua 4500
041 ## - LANGUAGE CODE
Language code of text/sound track or separate title eng
082 ## - DEWEY DECIMAL CLASSIFICATION NUMBER
Classification number 828.09
Item number COP/ME
100 ## - MAIN ENTRY--AUTHOR NAME
Personal name Cope, Jackson I .
245 ## - TITLE STATEMENT
Title Metaphoric structureof paradise lost /
250 ## - EDITION STATEMENT
Edition statement 1 /
260 ## - PUBLICATION, DISTRIBUTION, ETC. (IMPRINT)
Place of publication Baltimore :
Name of publisher John hopking press ,
Year of publication 1962.
300 ## - PHYSICAL DESCRIPTION
Number of Pages 182 ; .
942 ## - ADDED ENTRY ELEMENTS (KOHA)
Koha item type Books
Holdings
Withdrawn status Lost status Damaged status Home library Current library Date acquired Cost, normal purchase price Full call number Accession Number Koha item type Public note
Withdrawn     KAUAET Sanskrit University 07/04/2012 40.00 828.09 6554 Books Transferred to Sanskrit University
free website counter